Españi'ko olerkariark euskeraz / (Record no. 58814)
[ view plain ]
| 000 -LEADER | |
|---|---|
| campo de control de longitud fija | 00682nam a2200217 i 4500 |
| 001 - NÚMERO DE CONTROL | |
| campo de control | 58814 |
| 003 - IDENTIFICADOR DE NÚMERO DE CONTROL | |
| campo de control | ES-MaACL |
| 005 - FECHA Y HORA DE LA ÚLTIMA TRANSACCIÓN | |
| campo de control | 20250725232352.0 |
| 007 - CAMPO FIJO DE DESCRIPCIÓN FÍSICA--INFORMACIÓN GENERAL | |
| campo de control de longitud fija | t| |
| 008 - DATOS DE LONGITUD FIJA--INFORMACIÓN GENERAL | |
| campo de control de longitud fija | 031024s1969 sp ||||1| baq d |
| 245 00 - MENCIÓN DEL TÍTULO | |
| Título | Españi'ko olerkariark euskeraz / |
| Mención de responsabilidad, etc. | Etxebarria'tar Juan Anjel. |
| 260 ## - PUBLICACIÓN, DISTRIBUCIÓN, ETC. | |
| Lugar de publicación, distribución, etc. | [Bilbao] : |
| Nombre del editor, distribuidor, etc. | S. Anton'go Katekesia, |
| Fecha de publicación, distribución, etc. | 1969. |
| 300 ## - DESCRIPCIÓN FÍSICA | |
| Extensión | 2 v. ; |
| Dimensiones | 17 cm. |
| 490 1# - MENCIÓN DE SERIE | |
| Mención de serie | Agertutako Idaztiak ; |
| Designación de volumen o secuencia | 34-35 |
| 546 ## - NOTA DE IDIOMA | |
| Nota de lengua/lenguaje | Texto en español y vasco. |
| 650 #7 - PUNTO DE ACCESO ADICIONAL DE MATERIA--TÉRMINO DE MATERIA | |
| Término de materia o nombre geográfico como elemento de entrada | Poesías españolas |
| Fuente del encabezamiento o término | embne |
| 9 (RLIN) | 16214 |
| 700 1# - ENTRADA AGREGADA--NOMBRE PERSONAL | |
| Nombre de persona | Etxebarria, Jon Gotzon ( |
| Fechas asociadas al nombre | 1934-1996) |
| 9 (RLIN) | 48305 |
| 830 0# - PUNTO DE ACCESO ADICIONAL DE SERIE-TÍTULO UNIFORME | |
| Título uniforme | Agertutako Idaztiak ; |
| Designación de volumen o secuencia | 34-35 |
| 9 (RLIN) | 182656 |
| 852 ## - LOCALIZACIÓN | |
| Ubicación | ES-MaACL |
| Número de control de estantería | D-2306-07 |
| Estatus retirado | Estado de pérdida | Estado de daño | No para préstamo | Biblioteca de origen | Biblioteca actual | Ubicación en estantería | Fecha de adquisición | Fuente de adquisición | Total de préstamos | Signatura topográfica completa | Código de barras | Visto por última vez | Precio de reemplazo | Tipo de ítem Koha |
|---|---|---|---|---|---|---|---|---|---|---|---|---|---|---|
| Biblioteca del Ateneo de Madrid | Biblioteca del Ateneo de Madrid | Sala Valle Inclán | 17/01/2008 | D-2306-07 | 901061700 | 23/02/2023 | 23/02/2023 | Libro impreso |
